Problems in inorganic chemistry
Guardat en:
| Autor principal: | |
|---|---|
| Format: | Llibre |
| Idioma: | anglès |
| Publicat: |
Discovery Publishing House
2011
|
| Etiquetes: |
Afegir etiqueta
Sense etiquetes, Sigues el primer a etiquetar aquest registre!
|
MARC
| LEADER | 00000nam a22000007a 4500 | ||
|---|---|---|---|
| 008 | 201215b ||||| |||| 00| 0 eng d | ||
| 020 | |a ISBN: 978-81-8356-817-3 | ||
| 100 | |a IQBAL, Syed Aftab | ||
| 245 | |a Problems in inorganic chemistry |c Syed Aftab Iqbal |g 278p.; ill | ||
| 260 | |b Discovery Publishing House |c 2011 |h NewDelhi |i 691727 |l QD42 .Iq1 | ||
| 942 | |a lcc |c BK |e Olagoke,M A |f 15/12/2020 | ||
| 952 | |0 0 |1 0 |2 lcc |4 0 |6 QD0042 I Q1 |7 0 |9 489 |a HOL |b HOL |c QZ |d 2020-12-15 |l 0 |o QD42 .Iq1 |p 2020-2217 |r 2020-12-15 00:00:00 |w 2020-12-15 |y BK | ||
| 999 | |c 254 |d 254 | ||